000 00722 a2200205 4500
999 _c2029
_d2029
020 _a0797424997
050 0 0 _aHF1385 SEA 2002
100 _aSEATINI (Organization)
_eauthor
245 1 0 _aSEATINI High Level Meeting :
_bGold Crest Hotel, Quatre Borne[s], Mauritius, 30th October-3rd November 2000.
264 _aHarare
_bSEATINI
_c2002
300 _a128 p. ;
440 0 _aSEATINI workshop report
500 _aIncludes appendix
650 0 _aGlobalization
651 0 _aAfrica
710 2 _aSEATINI (Organization)
856 4 1 _3Table of contents
_uhttp://www.loc.gov/catdir/toc/fy043/2003405693.html
942 _2lcc
_cBK
_h1385
_iSEA
_kHF